La tortuga bailarina / (Registro nro. 7724)

Detalles MARC
000 -LIDER
fixed length control field 00722nam a2200253 a 4500
001 - NÚMERO DE CONTROL
Identificador de número de control 000014711
003 - IDENTIFICACDOR DE NÚMERO DE CONTROL
control field DO-SdBNP
005 - DATE AND TIME OF LATEST TRANSACTION
control field 20180328073925.0
007 - CAMPOS FIJOS DE DESCRIPCIÓN FÍSICA
fixed length control field 000014711
008 - ELEMENTOS DE LONGITUD FIJA
fixed length control field 100119s2009 dr af 000 0 spa d
020 ## - ISBN
International Standard Book Number 9789945001853
040 ## - FUENTE DE CATALOGACIÓN
Agencia que crea de manera original el registro BPMET
Idioma de catalogación spa
Agencia que realiza la transcripción BPMET
100 1# - ASIENTO PRINCIPAL -- NOMBRE PERSONAL
Nombre personal Antún, Lily
245 13 - MENCIÓN DE TITULO
Título La tortuga bailarina /
Mención de responsabilidad Lily Antún ; ilustraciones José V. Almonte.
260 ## - PUBLICACIÓN, DISTRIBUCIÓN, ETC. (PIE DE IMPRENTA)
Fecha de publicación, distribución, etc Santo Domingo :
Nombre del editor, distribuidor, etc. Lily Atún
300 ## - DESCRIPCIÓN FÍSICA
Extensión [12] p. :
Otros detalles físicos il. ;
Dimensiones 29 cm.
490 1# - MENCIÓN DE SERIES
Mención de serie Lily
700 12 - ASIENTO SECUNDARIO -- NOMBRE PERSONAL
Nombre personal Almonte, José V.
Mención de responsabilidad il.
830 #0 - ASIENTO SECUNDARIO DE SERIE--TÍTULO UNIFORME
Título uniforme Lily
942 ## - ADDED ENTRY ELEMENTS (KOHA)
Source of classification or shelving scheme Dewey Decimal Classification
Koha item type Libros
945 ## - INFORMACIÓN DE PROCESAMIENTO LOCAL
Información de procesamiento local Remanejado para la BNPHU / VM 2018
956 ## - LOCAL ELECTRONIC LOCATION AND ACCESS (OCLC)
Nombre de host JPARRA
Número de acceso 10
Información de compresión 20100119
Inicio de sesión BND01
Procesador de solicitud 1348
956 ## - LOCAL ELECTRONIC LOCATION AND ACCESS (OCLC)
Nombre de host VMATEO
Número de acceso 10
Información de compresión 20140627
Inicio de sesión BND01
Procesador de solicitud 1200

No hay ítems disponibles.